<?xml version="1.0" encoding="UTF-8"?>
<record
    xmlns:xsi="http://www.w3.org/2001/XMLSchema-instance"
    xsi:schemaLocation="http://www.loc.gov/MARC21/slim http://www.loc.gov/standards/marcxml/schema/MARC21slim.xsd"
    xmlns="http://www.loc.gov/MARC21/slim">

  <leader>00942naa a2200169 i 4500</leader>
  <controlfield tag="001">9676</controlfield>
  <controlfield tag="003">KOSZ 005</controlfield>
  <controlfield tag="005">20180410134024.0</controlfield>
  <controlfield tag="008">151212s2005    pl  n  f     |100  0pol</controlfield>
  <datafield tag="040" ind1=" " ind2=" ">
    <subfield code="c">BPK</subfield>
    <subfield code="d">KOSZ 005/EG</subfield>
  </datafield>
  <datafield tag="100" ind1="1" ind2=" ">
    <subfield code="a">BOCEWICZ, Grzegorz.</subfield>
    <subfield code="d">2006 - .</subfield>
    <subfield code="b">Politechnika Koszali&#x144;ska - Wydzia&#x142; Elektroniki i Informatyki,</subfield>
    <subfield code="c">Zak&#x142;ad Podstaw Informatyki i Zarz&#x105;dzania</subfield>
  </datafield>
  <datafield tag="245" ind1="1" ind2="0">
    <subfield code="a">Design of systems of concurrently competing cyclic processes :</subfield>
    <subfield code="b">a logic-algebraic method approach /</subfield>
    <subfield code="c">Grzegorz Bocewicz, Zbigniew Banaszak, Robert W&#xF3;jcik.</subfield>
  </datafield>
  <datafield tag="655" ind1=" " ind2="0">
    <subfield code="a">Materia&#x142;y konferencyjne.</subfield>
  </datafield>
  <datafield tag="700" ind1="1" ind2=" ">
    <subfield code="a">BANASZAK, Zbigniew.</subfield>
    <subfield code="b">Politechnika Koszali&#x144;ska - Wydzia&#x142; Elektroniki i Informatyki,</subfield>
    <subfield code="d">2003 - .</subfield>
    <subfield code="c">Katedra Telekomunikacji</subfield>
  </datafield>
  <datafield tag="773" ind1="0" ind2=" ">
    <subfield code="i">W :</subfield>
    <subfield code="t">Recent developments in artificial intelligence methods / W. Cholewa, W. Moczulski (Eds.). -</subfield>
    <subfield code="d">Gliwice : Silesian University of Technology Press, 2005. -</subfield>
    <subfield code="g">pp. 33-38</subfield>
    <subfield code="k">AI-METH</subfield>
  </datafield>
  <datafield tag="942" ind1=" " ind2=" ">
    <subfield code="c">ROZ</subfield>
    <subfield code="2">UKD</subfield>
  </datafield>
  <datafield tag="999" ind1=" " ind2=" ">
    <subfield code="c">9676</subfield>
    <subfield code="d">9676</subfield>
  </datafield>
</record>
